[Event "Barcelona Sant Marti op-B 23rd"]
[Site "Barcelona"]
[Date "2023.07.17"]
[Round "5"]
[White "Terron Eroles, Jose"]
[Black "Rubio Garcia, Ethan"]
[Result "1-0"]
[WhiteElo "1544"]
[BlackElo "1228"]
[PlyCount "61"]
[EventDate "2023.07.13"]
[EventType "swiss"]
[EventRounds "9"]
[EventCountry "ESP"]
[SourceTitle "CBM 215 Extra"]
[Source "ChessBase"]
[SourceDate "2023.09.30"]
[SourceVersion "1"]
[SourceVersionDate "2023.09.30"]
[SourceQuality "1"]

1. e4 c5 2. Nf3 d6 3. d4 cxd4 4. Nxd4 Nc6 5. Nc3 Nf6 6. Be2 g6 7. 0-0 Bg7 8. Be3 0-0 9. a3 a5 10. f3 Bd7 11. Qd2 a4 12. Rad1 Ne8 13. Kh1 Nc7 14. f4 Re8 15. Nf3 Bg4 16. h3 Bxf3 17. Bxf3 Ne6 18. Qf2 Qb8 19. g4 Nc5 20. Bg2 Na5 21. Bd4 Bxd4 22. Qxd4 Ne6 23. Qf2 Qa7 24. Qxa7 Rxa7 25. f5 Nc5 26. Nb5 Nxe4 27. Bxe4 Nc4 28. Nxa7 Ne3 29. Rfe1 Nxd1 30. Rxd1 Ra8 31. Nb5 1-0